[Event "Sebes Romanian Rapid op"]
[Site "Sebes"]
[Date "2022.12.02"]
[Round "4"]
[White "Apostu, Rares Stefan"]
[Black "Negrean, Andrei"]
[Result "0-1"]
[WhiteElo "1331"]
[BlackElo "1991"]
[PlyCount "138"]
[EventDate "2022.12.02"]
[EventType "swiss (rapid)"]
[EventRounds "8"]
[EventCountry "ROU"]
[SourceTitle "CBM 211 Extra"]
[Source "ChessBase"]
[SourceDate "2023.01.31"]
[SourceVersion "1"]
[SourceVersionDate "2023.01.31"]
[SourceQuality "1"]

1. e4 c5 2. Nf3 Nc6 3. d4 cxd4 4. Nxd4 Qc7 5. Nc3 e6 6. Be3 a6 7. Bd3 Nf6 8. 0-0 Nxd4 9. Bxd4 Bc5 10. Bxc5 Qxc5 11. Qe2 d6 12. Rad1 b5 13. Rfe1 e5 14. Nd5 Nxd5 15. exd5 0-0 16. Kh1 f5 17. f3 Bd7 18. Qe3 Rac8 19. c3 Qxe3 20. Rxe3 Rc5 21. Bc2 b4 22. Bb3 bxc3 23. bxc3 f4 24. Red3 Bf5 25. R3d2 Rxc3 26. Kg1 Rfc8 27. Kf2 Kf7 28. Ke2 g5 29. Kf2 h5 30. g3 Rg8 31. Re2 g4 32. gxf4 gxf3 33. Re3 Rxe3 34. Kxe3 e4 35. Bc2 Rg2 36. Bxe4 Re2+ 37. Kxf3 Rxe4 38. Rc1 Ra4 39. Rc6 Ke7 40. Rc7+ Kf6 41. Rc6 Ra3+ 42. Kf2 Rxa2+ 43. Kg3 Ra3+ 44. Kf2 Ke7 45. Rc7+ Ke8 46. Rc6 Kd7 47. Rc4 Rd3 48. Ra4 Rxd5 49. Rxa6 Rd2+ 50. Kg3 Rd3+ 51. Kf2 h4 52. Ra7+ Ke6 53. Ra8 Rd2+ 54. Kg1 h3 55. Re8+ Kd5 56. Rf8 Ke4 57. Re8+ Kf3 58. Re1 Kxf4 59. Rf1+ Kg4 60. Re1 d5 61. Rf1 Be4 62. Rf2 Rxf2 63. Kxf2 d4 64. Ke2 Kf4 65. Kf2 d3 66. Ke1 Ke3 67. Kd1 Bf3+ 68. Ke1 d2+ 69. Kf1 d1Q# 0-1

[Event "ROM-ch U08"]
[Site "Eforie Nord"]
[Date "2022.04.13"]
[Round "4"]
[White "Apostu, Rares Stefan"]
[Black "Kovacs, Balazs2222"]
[Result "0-1"]
[WhiteElo "1244"]
[BlackElo "1399"]
[PlyCount "172"]
[EventDate "2022.04.11"]
[EventType "swiss"]
[EventRounds "9"]
[EventCountry "ROU"]
[SourceTitle "EXT 2023"]
[Source "ChessBase"]
[SourceDate "2022.10.05"]
[SourceVersion "1"]
[SourceVersionDate "2022.10.05"]
[SourceQuality "1"]

1. e4 e5 2. Nf3 Nc6 3. Bc4 Bc5 4. b4 Bxb4 5. c3 Ba5 6. d4 d6 7. Qb3 Qd7 8. 0-0 Bb6 9. Bb5 Nf6 10. d5 Nxe4 11. Qc4 Qg4 12. dxc6 0-0 13. h3 Qf5 14. Nh4 Bxf2+ 15. Kh2 Bg3+ 16. Kh1 Nf2+ 17. Kg1 Nxh3+ 18. gxh3 Qxh3 19. Nf3 e4 20. Qxe4 Bg4 21. Qe2 Rae8 22. Qg2 Qh5 23. Qxg3 Bxf3 24. Qxf3 Qxb5 25. cxb7 Re6 26. Be3 Rg6+ 27. Kh1 Rf6 28. Qxf6 gxf6 29. Rg1+ Kh8 30. Nd2 Qh5+ 31. Kg2 Qe2+ 32. Bf2 Rg8+ 33. Kh3 Rb8 34. Bh4 Qe6+ 35. Kh2 Rxb7 36. Ne4 Rb2+ 37. Nf2 Qe5+ 38. Kh3 h5 39. Rae1 Qf5+ 40. Kg2 Qg4+ 41. Bg3 h4 42. Re3 hxg3 43. Rh1+ Kg7 44. Rxg3 Qxg3+ 45. Kxg3 Rxa2 46. Ne4 Ra3 47. Kf4 d5 48. Rg1+ Kf8 49. Nxf6 Rxc3 50. Nxd5 Rc4+ 51. Ke5 a5 52. Nf6 Rc5+ 53. Kd4 Rc2 54. Ke5 Rc5+ 55. Ke4 Rc2 56. Rg8+ Ke7 57. Nd5+ Kd6 58. Rd8+ Ke6 59. Re8+ Kd6 60. Rd8+ Ke6 61. Ra8 Rc4+ 62. Kd3 Kxd5 63. Rxa5+ Rc5 64. Ra4 Kd6 65. Kd4 Rh5 66. Ra6+ c6 67. Ra7 f5 68. Rf7 Rh4+ 69. Ke3 Rh5 70. Kf4 Kd5 71. Rd7+ Kc4 72. Rc7 c5 73. Rb7 Kc3 74. Rc7 c4 75. Ke3 Rh4 76. Ra7 Kc2 77. Ra2+ Kb3 78. Rf2 f4+ 79. Kd2 c3+ 80. Kd3 c2 81. Rxc2 Rh3+ 82. Ke4 Kxc2 83. Kxf4 Ra3 84. Ke4 Kd2 85. Kd5 Kc3 86. Kc5 Ra5+ 0-1